000 00800nam a2200253Ia 4500
003 GCL
008 140319s9999 xx 000 0 ara d
040 _aGCL /
_cGCL
082 0 4 _a953.04
_bم د
100 1 _aمحمد الخضرى
245 1 0 _aالدولة العباسية /
_cمحمد الخضرى
700 1 _aمحمد العثمانى
250 _aالأولى
260 _aبيروت :
_bدار القلم ،
_c1986
300 _a581 ص ؛
_c24 سم
490 _aتاريخ الامم الاسلامية
_v0
650 0 4 _aالتاريخ الاسلامى
650 0 4 _aالدولة العباسية
650 0 4 _aالسلاجقة
650 0 4 _aالحضارة الاسلامية
650 0 4 _aالدولة الارتقية
650 0 4 _aالاتابكية
942 _2ddc
_cBK
999 _c37479
_d37479